| Tag |
First Indicator |
Second Indicator |
Subfields |
| LEADER |
00000cam a2200000Mi 4500 |
| 001 |
in00003556607 |
| 006 |
m o d |
| 007 |
cr mnu---uuaaa |
| 008 |
121227s1990 nyua o 000 0 eng |
| 005 |
20260422210958.3 |
| 020 |
|
|
|a 9781461233923 (electronic bk.)
|
| 020 |
|
|
|a 1461233925 (electronic bk.)
|
| 020 |
|
|
|z 9780387972329
|
| 020 |
|
|
|z 0387972323
|
| 035 |
|
|
|a (OCoLC)852792788
|
| 040 |
|
|
|a AU@
|b eng
|c AU@
|d OCLCO
|d OCLCQ
|d GW5XE
|d OCLCF
|d UtOrBLW
|
| 049 |
|
|
|a TXAM
|
| 050 |
|
4 |
|a QA276-280
|
| 072 |
|
7 |
|a PBT
|2 bicssc
|
| 072 |
|
7 |
|a MAT029000
|2 bisacsh
|
| 082 |
0 |
4 |
|a 519.5
|2 23
|
| 100 |
1 |
|
|a Akkerboom, Johan C.
|
| 245 |
1 |
0 |
|a Testing Problems with Linear or Angular Inequality Constraints /
|c by Johan C. Akkerboom.
|
| 264 |
|
1 |
|a New York, NY :
|b Springer New York,
|c 1990.
|
| 300 |
|
|
|a 1 online resource (xii, 291 pages 19 illustrations)
|
| 336 |
|
|
|a text
|b txt
|2 rdacontent
|
| 337 |
|
|
|a computer
|b c
|2 rdamedia
|
| 338 |
|
|
|a online resource
|b cr
|2 rdacarrier
|
| 490 |
1 |
|
|a Lecture notes in statistics,
|x 0930-0325 ;
|v 62
|
| 505 |
0 |
|
|a Testing Problems with Linear Inequality Constraints -- The Main Problem: Testing Against the Pointed Polyhedral Cone K -- A Modification of the Main Problem Against a Circular Cone -- Circular Likelihood Ratio Tests for the Main Problem -- Applications -- References and Author Index -- Subject Index -- Appendices.
|
| 520 |
|
|
|a Represents a self-contained account of a new promising and generally applicable approach to a large class of one-sided testing problems, where the alternative is restricted by at least two linear inequalities. It highlights the geometrical structure of these problems. It gives guidance in the construction of a so-called Circular Likelihood Ratio (CLR) test, which is obtained if the linear inequalities, or polyhedral cone, are replaced by one suitable angular inequality, or circular cone. Such a test will often constitute a nice and easy-to-use compromise between the LR-test and a suitable linear test against the original alternative. The book treats both theory and practice of CLR-tests. For cases with up to 13 linear inequalities, it evaluates the power of CLR-tests, derives the most stringent CLR-test, and provides tables of critical values. It is of interest both to the specialist in order- restricted inference and to the statistical consultant in need of simple and powerful one-sided tests. Many examples are worked out for ANOVA, goodness-of-fit, and contingency table problems. Case studies are devoted to Mokken's one- dimensional scaling model, one-sided treatment comparison in a two-period crossover trial, and some real data ANOVA- layouts (biology and educational psychology).
|
| 500 |
|
|
|a Electronic resource.
|
| 650 |
|
0 |
|a Statistics.
|
| 650 |
|
7 |
|a Statistics.
|2 fast
|0 (OCoLC)fst01132103
|
| 655 |
|
7 |
|a Electronic books.
|2 local
|
| 710 |
2 |
|
|a SpringerLink (Online service)
|
| 776 |
1 |
8 |
|i Print version:
|z 9780387972329
|
| 830 |
|
0 |
|a Lecture notes in statistics (Springer-Verlag) ;
|v 62.
|
| 856 |
4 |
0 |
|u http://proxy.library.tamu.edu/login?url=https://link.springer.com/10.1007/978-1-4612-3392-3
|z Connect to the full text of this electronic book
|t 0
|
| 994 |
|
|
|a 92
|b TXA
|
| 999 |
|
|
|a MARS
|
| 999 |
f |
f |
|s 75dfcd43-a685-38d5-8f6f-74df6e5fde8e
|i c088feb7-2e36-3143-8750-78579517a07d
|t 0
|
| 952 |
f |
f |
|a Texas A&M University
|b College Station
|c Electronic Resources
|s www_evans
|d Available Online
|t 0
|e QA276-280
|h Library of Congress classification
|
| 998 |
f |
f |
|a QA276-280
|t 0
|l Available Online
|